WWE Sheamus Quiz - Statistics

General Stats
  • This quiz has been taken 39 times
  • The average score is 14 of 20
Answer Stats
Question Answer % Correct
And who did he beat that night? John Cena
97%
What year did Sheamus win the Money in the Bank briefcase? 2015
90%
Who did Sheamus team with to form The Bar? Cesaro
87%
What country does Sheamus hail from? Ireland
87%
Is Sheamus a Grand Slam winner? No.
87%
True or False: Sheamus has pinned each member of The Shield at least once? True
87%
Who did Sheamus cash in on to win the WWE World Heavyweight Championship? Roman Reigns
84%
In what kind of match? Tables
84%
Who was Sheamus' first opponent at Wrestlemania? Triple H
81%
What Finisher did Sheamus hit to beat Daniel Bryan in 18 Seconds? Brogue Kick
77%
Who was the runner up when Sheamus won the Royal Rumble? Chris Jericho
74%
Who did Sheamus beat for the US Title at Wrestlemania 37? Matt Riddle
68%
He is the second man to win the Money in the Bank, Royal Rumble and King of the Ring, but who was the first? Edge
65%
Who ended Sheamus' second US Title Reign? Rusev
65%
Who did he beat in the King of the Ring final? John Morrison
58%
What English football team does Sheamus support? Liverpool FC
58%
What Submission does Sheamus use as a Signature? Texas Cloverleaf
45%
What Pay-Per-View did Sheamus win his first WWE Championship at? TLC 2009
35%
What was the name for the short lived Tag Team of Sheamus and Drew McIntyre? 'The Banger Bros.'
16%
What injury did Sheamus sustain at Money in the Bank 2013? Torn Labrum
16%
No matching quizzes found
Score Distribution
Percent of People with Each Score
Percentile by Number Answered
Your Score History
You have not taken this quiz